01009nam a22002417a 45000010005000000030006000050050017000110080041000280200018000690400029000870820010001161000020001261100011001462450038001573000045001954900040002405200281002805210027005615210027005889420015006159990015006309520122006453731FISKH20240425103156.0240425b cb ||||| |||| 00| 0 eng d a9772041315016 aFISKHbengcFISKHdFISKH a741.5 aPezzin, Giorgio aDisney aMickey and the mayflower treasure a67 pages :bcolor illustrations ;c25 cm aDisney Literature ClassicsvBook 25 aMickey and company keep the literary tradition alive with two new tales : in Mickey and the Mayflower Treasure, Mickey is privy to a plot by bandits to rob the pilgrims. In The Great Aunt who invented Jeans, you will discover the story behind a revolutionary item of clothing.8 a660 bLexile estimate8 aQ bRaz-Plus estimate 2ddccBKn0 c3731d3731 00102ddc40708JUVFa001b001cCOMICSd2024-04-25l0oPEZ 741.5 p2024-0528r2024-04-25 10:18:11t1w2024-04-25yBK